Datum a čas kvízu
21
Celkem bodů
Celkový počet nahraných bodů na tomto kvízu bez doplňovacích otázek.
12.
Pořadí na kvízu
Konečné umístění týmu na tomto kvízu.
Zaznamenané odpovědi
| # | Otázka | Odpověď | Body | Výsledky |
|---|---|---|---|---|
| 1. | Který vysoce postavený český p... | Petr Pavel | 0 | |
| 2. | Minulé úterý proběhla tiskem z... | v Maďarsku | 1 | |
| 3. | Minulý týden bylo oznámeno, že... | Bohumil Hrabal | 0 | |
| 4. | Minulý týden došlo v české ene... | Westinghouse | 0 | |
| 5. | Lionel Messi se definitivně za... | odhalení sochy | 0 | |
| 6. | V tomto tématu bude vaším úkol... | Tři veteráni | 0 | |
| 7. | Vyberte jméno, které patří do... | A | 1 | |
| 8. | Seřaďte následující hlášky pod... | 1A 2D 3C 4B | 0 | |
| 9. | Věta „Děda je hodný, ale překá... | Na samotě u lesa, Komárek | 0.5 | |
| 10. | Pěti slovy dokončete hlášku z... | nebo se z toho zblázníš | 0 |